World Capitals Quiz - Hard Version - Statistics

General Stats
  • This quiz has been taken 2,636 times
    2,614 since last reset
  • The average score is 135 of 196
Answer Stats
Country Capital % Correct
United Kingdom London
97%
France Paris
97%
United States Washington D.C.
97%
Germany Berlin
96%
Italy Rome
96%
Greece Athens
95%
Ireland Dublin
95%
Spain Madrid
95%
Russia Moscow
95%
Japan Tokyo
95%
Mexico Mexico City
94%
Norway Oslo
94%
Vatican City Vatican City
94%
Netherlands Amsterdam
93%
China Beijing
93%
Brazil Brasilia
93%
Portugal Lisbon
93%
Austria Vienna
93%
Belgium Brussels
92%
Egypt Cairo
92%
Denmark Copenhagen
92%
Ukraine Kiev
92%
India New Delhi
92%
Canada Ottawa
92%
South Korea Seoul
92%
Hungary Budapest
91%
Australia Canberra
91%
Finland Helsinki
91%
Luxembourg Luxembourg
91%
Monaco Monaco
91%
Sweden Stockholm
91%
Poland Warsaw
91%
Switzerland Bern
90%
Argentina Buenos Aires
90%
Czech Republic Prague
90%
San Marino San Marino
90%
Singapore Singapore
90%
Israel Jerusalem
89%
Thailand Bangkok
88%
Cuba Havana
88%
Peru Lima
88%
Iceland Reykjavik
88%
Bulgaria Sofia
88%
Turkey Ankara
87%
Panama Panama City
87%
South Africa Pretoria/ Cape Town/ Bloemfontein
87%
New Zealand Wellington
87%
Iraq Baghdad
86%
Romania Bucharest
86%
Chile Santiago
86%
Iran Tehran
86%
Indonesia Jakarta
85%
Afganistan Kabul
85%
Belarus Minsk
85%
Croatia Zagreb
85%
Jamaica Kingston
84%
Philippines Manila
84%
North Korea Pyongyang
84%
Colombia Bogotá
83%
Vietnam Hanoi
83%
United Arab Emirates Abu Dhabi
82%
Pakistan Islamabad
82%
Kuwait Kuwait City
82%
Latvia Riga
82%
Estonia Tallinn
82%
Tunisia Tunis
82%
Algeria Algiers
81%
Taiwan Taipei
81%
Venezuela Caracas
80%
Malaysia Kuala Lumpur
80%
Andorra Andorra la Vella
79%
Uruguay Montevideo
79%
Kenya Nairobi
79%
Bosnia and Herzegovina Sarajevo
79%
Syria Damascus
78%
Guatemala Guatemala City
78%
Nepal Kathmandu
78%
Saudi Arabia Riyadh
78%
El Salvador San Salvador
78%
Albania Tirana
78%
Lebanon Beirut
77%
Serbia Belgrade
77%
Bolivia La Paz/ Sucre
77%
Mongolia Ulaanbaatar
77%
Ecuador Quito
76%
Malta Valletta
76%
Slovakia Bratislava
75%
Djibouti Djibouti
75%
Qatar Doha
75%
Cyprus Nicosia
75%
Morocco Rabat
75%
Lithuania Vilnius
75%
Azerbaijan Baku
74%
Bangladesh Dhaka
74%
Jordan Amman
73%
Haiti Port-au-Prince
73%
Libya Tripoli
73%
Liechtenstein Vaduz
73%
Ethiopia Addis Ababa
72%
Slovenia Ljubljana
71%
North Macedonia Skopje
71%
Georgia Tbilisi
70%
Paraguay Asunción
69%
Kazakhstan Nur-Sultan
69%
Cambodia Phnom Penh
69%
Kosovo Pristina
69%
Moldova Chișinău
68%
Oman Muscat
68%
Bahamas Nassau
68%
D.R. of the Congo Kinshasa
67%
Maldives Malé
67%
Yemen Sana'a
67%
Costa Rica San José
67%
Dominican Republic Santo Domingo
67%
Sao Tomé and Principe Sao Tomé
67%
Guinea-Bissau Bissau
66%
Senegal Dakar
66%
Armenia Yerevan
66%
Guyana Georgetown
64%
Montenegro Podgorica
64%
Nigeria Abuja
63%
Sudan Khartoum
63%
Somalia Mogadishu
63%
Ghana Accra
62%
East TImor Dili
62%
Sierra Leone Freetown
62%
Uzbekistan Tashkent
62%
Madagascar Antananarivo
61%
Republic of Congo Brazzaville
61%
Angola Luanda
61%
Nicaragua Managua
61%
Laos Vientiane
60%
Belize Belmopan
59%
Zimbabwe Harare
59%
Papua New Guinea Port Moresby
59%
Suriname Paramaribo
58%
Honduras Tegucigalpa
58%
Namibia Windhoek
58%
Uganda Kampala
57%
Bahrain Manama
57%
Trinidad and Tobago Port-of-Spain
57%
Bhutan Thimphu
57%
Kyrgystan Bishkek
56%
Fiji Suva
56%
Seychelles Victoria
56%
St. Vincent & the Grenadines Kingstown
55%
Liberia Monrovia
55%
Barbados Bridgetown
54%
South Sudan Juba
54%
Sri Lanka Sri Jayawardenepura Kotte
54%
Turkmenistan Ashgabat
53%
Brunei Bandar Seri Begawan
52%
Tajikistan Dushanbe
52%
Rwanda Kigali
52%
Burkina Faso Ouagadougou
52%
Cameroon Yaoundé
50%
Chad N'Djamena
49%
Antigua and Barbuda Saint John's
49%
Mozambique Maputo
48%
Myanmar Naypyidaw
48%
Zambia Lusaka
47%
Eritrea Asmara
46%
Tanzania Dodoma
46%
Botswana Gaborone
46%
Dominica Roseau
46%
Togo Lomé
45%
Niger Niamey
45%
Cape Verde Praia
45%
Grenada Saint George's
45%
Mali Bamako
44%
Gabon Libreville
44%
Mauritius Port Louis
44%
Benin Porto-Novo / Cotonou
44%
Samoa Apia
42%
Saint Lucia Castries
42%
Guinea Conakry
41%
Malawi Lilongwe
40%
Central African Republic Bangui
39%
Comoros Moroni
39%
Ivory Coast Yamoussoukro
39%
Saint Kitts and Nevis Basseterre
38%
Vanuatu Port Vila
38%
Eswatini Mbabane
37%
Tuvalu Funafuti
36%
Mauritania Nouakchott
36%
Kiribati South Tarawa
36%
Gambia Banjul
34%
Burundi Gitega
34%
Lesotho Maseru
34%
Equatorial Guinea Malabo
33%
Tonga Nuku'alofa
32%
Solomon Islands Honiara
31%
Palau Ngerulmud
31%
Federal States of Micronesia Palikir
31%
Nauru Yaren
31%
Marshall Islands Majuro
30%
No matching quizzes found
Score Distribution
Percent of People with Each Score
Percentile by Number Answered
Your Score History
You have not taken this quiz since the last reset